00878nam a2200289Ia 4500008004100000020001500041100002300056245003500079245013700114245002500251260001500276260002000291260000900311300001700320300001000337650003700347650002000384650002500404650001900429650002200448650002200470650002200492650002200514650002200536650002200558700000800580160803s9999 xx 000 0 und d a1596436131 aKross, Amy Goldman 4aThe not-so-great Depression :  bin which the economy crashes, my sister's plans are ruined, my mom goes broke, my dad grows vegetables, and I do not get a hamster / cby Amy Goldman Koss. aNew York : bScholastic Inc. c2010 a266 pages ;  c21 cm aChildren of divorced parents --  aDepressions --  aFinancial crises --  aRecessions --  aTeenage girls --  xJuvenile fiction. xJuvenile fiction. xJuvenile fiction. xJuvenile fiction. xJuvenile fiction. a810